ARRUPE JESUIT UNIVERSITY

CORONAVIRUS -STOP THE SPREAD - CLEAN,DISINFECT,COVER

Advice from the field (Record no. 43672)

MARC details
000 -LEADER
fixed length control field 00410nam a2200169Ia 4500
003 - CONTROL NUMBER IDENTIFIER
control field 0100
005 - DATE AND TIME OF LATEST TRANSACTION
control field 20190509123834.0
008 - FIXED-LENGTH DATA ELEMENTS--GENERAL INFORMATION
fixed length control field 130303s9999 xx 000 0 und d
040 ## - CATALOGING SOURCE
Transcribing agency ARRUPELIB
050 ## - LIBRARY OF CONGRESS CALL NUMBER
Classification number BV2180.M25 1962
300 ## - PHYSICAL DESCRIPTION
Dimensions 22cm.
100 ## - MAIN ENTRY--PERSONAL NAME
Personal name McCoy, Joseph A
9 (RLIN) 46363
245 ## - TITLE STATEMENT
Title Advice from the field
260 ## - PUBLICATION, DISTRIBUTION, ETC. (IMPRINT)
Place of publication, distribution, etc Baltimore
260 ## - PUBLICATION, DISTRIBUTION, ETC. (IMPRINT)
Name of publisher, distributor, etc Helicon Press Inc
300 ## - PHYSICAL DESCRIPTION
Extent 288p
600 ## - SUBJECT ADDED ENTRY--PERSONAL NAME
General subdivision theory
9 (RLIN) 46364
Fuller form of name Missions
600 ## - SUBJECT ADDED ENTRY--PERSONAL NAME
General subdivision Missions
9 (RLIN) 46365
Title of a work Catholic Church
700 ## - ADDED ENTRY--PERSONAL NAME
Personal name with a preface by Frederick A. McGuire
9 (RLIN) 46366
942 ## - ADDED ENTRY ELEMENTS (KOHA)
Source of classification or shelving scheme Library of Congress Classification
Koha item type Monograph ( Printed materials)
Holdings
Withdrawn status Lost status Source of classification or shelving scheme Damaged status Not for loan Collection code Home library Current library Date acquired Total Checkouts Full call number Barcode Date last seen Copy number Price effective from Koha item type
    Library of Congress Classification     Main Collection ARRUPE LIBRARY ARRUPE LIBRARY 04/03/2013   BV2180.M251962 465000214926 04/03/2013 1 04/03/2013 Monograph ( Printed materials)

 

Arrupe Library. PO Box MP320 Mt Pleasant, Harare, Zimbabwe
263 242 745411|librarian@aju.ac.zw